000 00295 a2200145 4500
001 168345
020 _a
040 _cMagnum
100 _a-
240 1 0 _aCadernos de cultura - v.1
_lpor
245 1 0 _aCadernos de cultura - v.1
362 0 _a1899
697 _aHISTORIA GERAL
942 _cBK
999 _c168345
_d168345